| 000 | 00995nam a22002777a 4500 | ||
|---|---|---|---|
| 003 | DO-SdBNP | ||
| 005 | 20220303090555.0 | ||
| 008 | 160906b dr 2007 |||| 00| 0 spa d | ||
| 020 | _a9789707700659 | ||
| 040 |
_aBPMSU _bspa _cBPMSU |
||
| 082 | 4 |
_a371.9 _bM953b |
|
| 100 | _aMuñiz Sánchez, Rosario | ||
| 245 | 1 | 0 |
_aBitácora TDAH : _buna innovadora propuesta psicomotriz para la atención del niño con trastorno por déficit de atención e hiperactividad. _cRosario Muñiz Sánchez |
| 260 |
_aMéxico : _bAguilar, _c2007 |
||
| 300 |
_a239 p.: _bil. ; _c23 cm. |
||
| 500 | _3Incluye datos biográficos de la autora en la página 239 | ||
| 504 | _aBibliografía: p. 235- 238 | ||
| 590 | _6Inventariado,2022/VM | ||
| 650 | 4 | _aDéficit de atención con hiperactividad | |
| 650 | 4 | _aPsicología infantil | |
| 650 | 4 | _aTrastornos trastornos del aprendizaje | |
| 650 | 4 | _aEducación especial | |
| 700 |
_aMorales Campero, Ernesto, _eil. |
||
| 910 | _aVMateo V. | ||
| 942 |
_2ddc _cBK |
||
| 999 |
_c11341 _d11341 |
||